[Event "EU-Cup 36th"]
[Site "Struga"]
[Date "2021.09.19"]
[Round "2.6"]
[White "Vladimirov, Vladimir"]
[Black "Jonsson, Gauti Pall"]
[Result "1-0"]
[WhiteElo "2169"]
[BlackElo "2053"]
[PlyCount "117"]
[EventDate "2021.09.18"]
[EventType "team-swiss"]
[EventRounds "7"]
[EventCountry "MKD"]
[SourceTitle "CBM 204 Extra"]
[Source "ChessBase"]
[SourceDate "2021.11.30"]
[SourceVersion "1"]
[SourceVersionDate "2021.11.30"]
[SourceQuality "1"]
[WhiteTeam "Gostivar"]
[BlackTeam "Reykjavik"]
[WhiteTeamCountry "MKD"]
[BlackTeamCountry "ISL"]

1. g3 d5 2. Nf3 g6 3. Bg2 Bg7 4. 0-0 e5 5. d3 Nc6 6. Nc3 d4 7. Nb1 Nge7 8. c3 0-0 9. Nbd2 Be6 10. Qc2 Qd7 11. Nb3 b6 12. Bd2 a5 13. a4 Bh3 14. Rac1 Bxg2 15. Kxg2 Rac8 16. cxd4 exd4 17. Qc4 h6 18. Rc2 Rfd8 19. Rfc1 Qf5 20. h3 g5 21. g4 Qg6 22. Qb5 Rd6 23. Rc4 Rf8 24. Rg1 Qe6 25. Kf1 Rd5 26. Qa6 Nb8 27. Qb7 c5 28. h4 f6 29. Bc1 Qd6 30. Nbd2 Qd8 31. Rc2 Nec6 32. Nc4 Nb4 33. Rd2 Nd7 34. Rd1 Rf7 35. Bd2 Nf8 36. Qxb6 Qa8 37. Bxb4 axb4 38. a5 Ra7 39. Nfd2 Ra6 40. Qb5 Nd7 41. Ne4 Rc6 42. Ra1 Qa6 43. Qxa6 Rxa6 44. Kg2 Bf8 45. Rh1 Kf7 46. Rh3 Ne5 47. Nxe5+ Rxe5 48. hxg5 fxg5 49. Rf3+ Ke8 50. Rf6 Ra7 51. Rf5 Re6 52. Nxc5 Rxe2 53. b3 Bxc5 54. Rxc5 Rf7 55. Rf5 Rxf5 56. gxf5 Re7 57. a6 Ra7 58. Re1+ Kf7 59. Re6 1-0

[Event "EU-Cup 31st"]
[Site "Skopje"]
[Date "2015.10.22"]
[Round "5.4"]
[White "Rathlev, Jakob"]
[Black "Vladimirov, Vladimir"]
[Result "1/2-1/2"]
[WhiteElo "2240"]
[BlackElo "2136"]
[PlyCount "84"]
[EventDate "2015.10.18"]
[EventType "team-swiss"]
[EventRounds "7"]
[EventCountry "MKD"]
[SourceTitle "CBM 169"]
[Source "ChessBase"]
[SourceDate "2015.11.10"]
[SourceVersion "1"]
[SourceVersionDate "2015.11.10"]
[SourceQuality "1"]
[WhiteTeam "Jetsmark"]
[BlackTeam "MSK Centar"]
[WhiteTeamCountry "DEN"]
[BlackTeamCountry "MKD"]

1. d4 d6 2. Nf3 g6 3. Bg5 Bg7 4. c3 Nf6 5. Nbd2 0-0 6. e3 Nbd7 7. Be2 e5 8. 0-0 h6 9. Bh4 g5 10. Bg3 Nh5 11. Qb3 Qe7 12. e4 Nf4 13. Rfe1 Nf6 14. Bc4 N6h5 15. Rad1 Bf6 16. dxe5 dxe5 17. Nf1 g4 18. N3d2 c6 19. a4 Bg5 20. Ne3 Ng7 21. f3 h5 22. fxg4 hxg4 23. Ndf1 Ngh5 24. Rd2 Nf6 25. Qc2 Kg7 26. Bf2 N6h5 27. Qd1 Ng6 28. b4 Rh8 29. a5 Bf4 30. g3 Bg5 31. Nf5+ Bxf5 32. exf5 Bxd2 33. Nxd2 Rad8 34. fxg6 Qg5 35. Be3 Nf4 36. gxf4 exf4 37. Bd4+ Rxd4 38. cxd4 Rxh2 39. Kxh2 Qh4+ 40. Kg2 Qh3+ 41. Kf2 Qh2+ 42. Kf1 Qh3+ 1/2-1/2

[Event "Skopje Karposh op"]
[Site "Skopje"]
[Date "2015.04.01"]
[Round "7"]
[White "Vladimirov, Vladimir"]
[Black "Aydincelebi, Kagan"]
[Result "0-1"]
[WhiteElo "2148"]
[BlackElo "1832"]
[PlyCount "62"]
[EventDate "2015.03.27"]
[EventType "swiss"]
[EventRounds "9"]
[EventCountry "MKD"]
[SourceTitle "CBM 165 Extra"]
[Source "ChessBase"]
[SourceDate "2015.04.21"]
[SourceVersion "1"]
[SourceVersionDate "2015.04.21"]
[SourceQuality "1"]

1. g3 Nf6 2. Bg2 c5 3. c4 d5 4. cxd5 Nxd5 5. Nc3 Nc7 6. Nf3 Nc6 7. 0-0 e5 8. d3 Be7 9. Nd2 0-0 10. Nc4 f6 11. f4 exf4 12. Bxf4 Ne6 13. Rc1 Nxf4 14. Rxf4 Be6 15. Qa4 Qd7 16. Bxc6 bxc6 17. Na5 f5 18. Rc2 Bg5 19. Rf3 Qd4+ 20. Qxd4 cxd4 21. Nd1 Bd5 22. Rf2 Rf6 23. Nc4 Re8 24. b3 h5 25. Rf1 f4 26. a4 Ref8 27. Rf2 fxg3 28. hxg3 Rxf2 29. Nxf2 Bxc4 30. Ne4 Be3+ 31. Kg2 Bd5 0-1

[Event "FRM-ch op 23rd"]
[Site "Struga"]
[Date "2014.08.30"]
[Round "6"]
[White "Vladimirov, Vladimir"]
[Black "Ilic, Zoran"]
[Result "0-1"]
[WhiteElo "2157"]
[BlackElo "2295"]
[PlyCount "90"]
[EventDate "2014.08.25"]
[EventType "swiss"]
[EventRounds "9"]
[EventCountry "MKD"]
[SourceTitle "CBM 162 Extra"]
[Source "ChessBase"]
[SourceDate "2014.10.17"]
[SourceVersion "1"]
[SourceVersionDate "2014.10.17"]
[SourceQuality "1"]

1. g3 Nf6 2. Bg2 g6 3. c4 d5 4. cxd5 Nxd5 5. Nc3 Nb6 6. Nf3 Bg7 7. 0-0 0-0 8. d3 c5 9. a4 Na6 10. a5 Nd5 11. Qb3 Ndb4 12. Be3 Be6 13. Qa4 Bd7 14. Qb3 Be6 15. Qa4 Bd7 16. Qb3 Rc8 17. Nd2 Qc7 18. Rfc1 Bc6 19. Nde4 b6 20. Bh3 Rcd8 21. Bf4 Qb7 22. f3 h6 23. Kh1 Kh7 24. Be3 f5 25. Nd2 e5 26. Bg2 Nxd3 27. exd3 Rxd3 28. axb6 Rxe3 29. bxa7 Nb4 30. Rf1 Rd3 31. Nc4 Qf7 32. Ra5 Qb7 33. Rxc5 Bxf3 34. Rxf3 Rxf3 35. Qd1 Qxa7 36. Rb5 Rd3 37. Qe2 Qa1+ 38. Bf1 Rxc3 39. bxc3 Qxc3 40. Nxe5 Nc2 41. Nf3 Qc6 42. Qg2 Qe4 43. h3 Ne3 44. Qf2 Ra8 45. Rb3 Nxf1 0-1

[Event "Skopje Karposh op"]
[Site "Skopje"]
[Date "2012.04.13"]
[Round "8"]
[White "Spirliadis, Achileas"]
[Black "Vladimirov, Vladimir"]
[Result "1-0"]
[WhiteElo "2053"]
[BlackElo "2162"]
[PlyCount "123"]
[EventDate "2012.04.07"]
[EventType "swiss"]
[EventRounds "9"]
[EventCountry "MKD"]
[SourceTitle "CBM 147 Extra"]
[Source "ChessBase"]
[SourceDate "2012.04.24"]
[SourceVersion "1"]
[SourceVersionDate "2012.04.24"]
[SourceQuality "1"]

1. e4 d6 2. d4 Nf6 3. Bd3 e5 4. c3 Nc6 5. Ne2 g6 6. 0-0 Bg7 7. Nd2 0-0 8. d5 Ne7 9. b4 Nh5 10. c4 f5 11. f3 Bh6 12. Nb3 Bxc1 13. Rxc1 f4 14. c5 Nf6 15. Qc2 Ne8 16. Bb5 Rf6 17. Bxe8 Qxe8 18. cxd6 cxd6 19. Qc7 b6 20. Nc3 Bd7 21. Rf2 g5 22. a4 Ng6 23. Rfc2 Nf8 24. Nb5 Qg6 25. Qb7 Re8 26. Qxa7 g4 27. Kh1 g3 28. Qxb6 Qh5 29. Qg1 Rh6 30. Nd2 Rb8 31. Nf1 Bxb5 32. axb5 Rxb5 33. Rc8 Rf6 34. R1c4 Rf7 35. Ra8 Kg7 36. Ra6 Rfb7 37. Rxd6 Rxb4 38. Rxb4 Rxb4 39. Qa7+ Qf7 40. Qa1 Ng6 41. Ra6 Kh6 42. Qc1 Qb7 43. Ra1 Rb2 44. hxg3 Qb5 45. gxf4 Nxf4 46. Ne3 Qe2 47. Qe1 Qxe1+ 48. Rxe1 Nd3 49. Ra1 Kg5 50. d6 Kf6 51. Ra7 Ke6 52. Nf5 Nf4 53. Re7+ Kf6 54. d7 Rd2 55. Rxh7 Ng6 56. Ne3 Rd6 57. Nd5+ Kg5 58. Rg7 Kh6 59. Rf7 Kg5 60. Nc7 Nf4 61. Rxf4 Kxf4 62. d8Q 1-0

[Event "Skopje Karposh op"]
[Site "Skopje"]
[Date "2012.04.09"]
[Round "4"]
[White "Saric, Sinisa"]
[Black "Vladimirov, Vladimir"]
[Result "1-0"]
[WhiteElo "2480"]
[BlackElo "2162"]
[PlyCount "61"]
[EventDate "2012.04.07"]
[EventType "swiss"]
[EventRounds "9"]
[EventCountry "MKD"]
[SourceTitle "CBM 147 Extra"]
[Source "ChessBase"]
[SourceDate "2012.04.24"]
[SourceVersion "1"]
[SourceVersionDate "2012.04.24"]
[SourceQuality "1"]

1. d4 d6 2. c4 g6 3. e4 Bg7 4. Nf3 Nf6 5. Nc3 0-0 6. Be2 e5 7. Be3 Ng4 8. Bg5 f6 9. Bc1 Nc6 10. h3 exd4 11. Nxd4 Nge5 12. Nxc6 Nxc6 13. Be3 Be6 14. Qd2 Qd7 15. Rd1 Qf7 16. Nd5 f5 17. exf5 Bxf5 18. 0-0 Kh8 19. b4 Rfe8 20. Rfe1 b6 21. c5 dxc5 22. Bb5 Re6 23. bxc5 a6 24. Bxc6 Rxc6 25. cxb6 cxb6 26. Nxb6 Re8 27. Bd4 Rb8 28. Rc1 Rxc1 29. Rxc1 Qe6 30. Bxg7+ Kxg7 31. Rc7+ 1-0

[Event "Skopje Karposh op"]
[Site "Skopje"]
[Date "2012.04.08"]
[Round "2"]
[White "Vladimirov, Vladimir"]
[Black "Bogdanovski, Vlatko"]
[Result "0-1"]
[WhiteElo "2162"]
[BlackElo "2435"]
[PlyCount "114"]
[EventDate "2012.04.07"]
[EventType "swiss"]
[EventRounds "9"]
[EventCountry "MKD"]
[SourceTitle "CBM 147 Extra"]
[Source "ChessBase"]
[SourceDate "2012.04.24"]
[SourceVersion "1"]
[SourceVersionDate "2012.04.24"]
[SourceQuality "1"]

1. Nf3 Nf6 2. g3 d5 3. Bg2 c6 4. 0-0 Bg4 5. b3 e6 6. Bb2 Nbd7 7. d3 Be7 8. Nbd2 0-0 9. c4 a5 10. a3 Qb8 11. Qc2 Re8 12. Rfe1 Bd6 13. e4 dxe4 14. dxe4 e5 15. Nf1 Bf8 16. Qc3 b5 17. Qc2 bxc4 18. bxc4 Nc5 19. h3 Bh5 20. Rab1 Qc7 21. g4 Bg6 22. Ng3 Nfd7 23. Nh4 Ne6 24. Rbd1 f6 25. Nxg6 hxg6 26. h4 Bc5 27. h5 Ndf8 28. Rd2 Rab8 29. Red1 Qb6 30. hxg6 Nxg6 31. Nf5 Ngf4 32. Bc1 Qb3 33. Qxb3 Rxb3 34. Rd7 Ne2+ 35. Kh2 Nxc1 36. Rxc1 Rb2 37. g5 fxg5 38. Bh3 Rxf2+ 39. Kh1 Rf4 40. Rb1 g4 41. Bg2 Bxa3 42. Rbb7 Bf8 43. Ra7 a4 44. Kh2 a3 45. Kg3 Rb8 46. Ne7+ Bxe7 47. Rxe7 Rb3+ 48. Kh4 g3+ 49. Kh5 Rf6 50. Kg4 Kh7 51. Ra5 Rb2 52. Kh3 Nf4+ 53. Kg4 Nxg2 54. Rxa3 Rg6+ 55. Kf5 Nh4+ 56. Kxe5 g2 57. Rh3 Rg4 0-1

[Event "FRM-chT 20th"]
[Site "Struga"]
[Date "2011.08.11"]
[Round "4"]
[White "Vladimirov, Vladimir"]
[Black "Danchevski, Orce"]
[Result "0-1"]
[WhiteElo "2162"]
[BlackElo "2384"]
[PlyCount "144"]
[EventDate "2011.08.08"]
[EventType "team-tourn"]
[EventRounds "7"]
[EventCountry "MKD"]
[SourceTitle "CBM 143 Extra"]
[Source "ChessBase"]
[SourceDate "2011.08.29"]
[SourceVersion "1"]
[SourceVersionDate "2011.08.29"]
[SourceQuality "1"]
[WhiteTeam "Skopje Milenium"]
[BlackTeam "Skopje Aseko See"]
[WhiteTeamCountry "MKD"]
[BlackTeamCountry "MKD"]

1. g3 c5 2. Bg2 Nc6 3. c4 e5 4. Nc3 g6 5. e3 Bg7 6. Nge2 Nge7 7. 0-0 0-0 8. d3 d6 9. a3 Bf5 10. Rb1 a5 11. h3 Qc8 12. Kh2 Ra6 13. Qc2 Rd8 14. Bd2 Be6 15. Nd5 Bxd5 16. cxd5 Na7 17. a4 Qd7 18. Ra1 Nac8 19. Nc3 Nb6 20. b3 Na8 21. e4 Nc7 22. Rfb1 Raa8 23. Bf1 Rf8 24. Kg2 h6 25. Be2 Kh7 26. f3 f5 27. g4 Bf6 28. Nd1 Bh4 29. Ne3 b6 30. Nc4 Rab8 31. Rh1 Na6 32. Be3 Nb4 33. Qd2 Ng8 34. f4 Qe7 35. fxe5 f4 36. Bxf4 Rxf4 37. Qxf4 Rf8 38. Qd2 Rf2+ 39. Kg1 Bg3 40. Qe3 Qh4 41. Rc1 dxe5 42. Nd2 Rf8 43. Nf3 Qd8 44. Rc4 Bf4 45. Qf2 Ne7 46. Kg2 Kg7 47. Rf1 g5 48. Rc3 Ng6 49. Bd1 Qe7 50. Kh1 Qd7 51. Rg1 Rh8 52. Ne1 h5 53. Kg2 h4 54. Nc2 Bg3 55. Qf5 Nf4+ 56. Kf3 Qxf5 57. gxf5 Nxh3 58. Rf1 Nxc2 59. Rxc2 Kf6 60. Rh1 Nf4 61. Be2 Rg8 62. Bf1 g4+ 63. Ke3 Kg5 64. Rg1 Nh5 65. Rh1 Bf4+ 66. Kf2 Ng3 67. Rg1 Rh8 68. b4 axb4 69. a5 bxa5 70. Rxc5 b3 71. Rxa5 Rb8 72. d4 Nxe4+ 0-1

[Event "FRM-chT 20th"]
[Site "Struga"]
[Date "2011.08.10"]
[Round "3"]
[White "Gochev, Mladen"]
[Black "Vladimirov, Vladimir"]
[Result "0-1"]
[WhiteElo "2292"]
[BlackElo "2162"]
[PlyCount "123"]
[EventDate "2011.08.08"]
[EventType "team-tourn"]
[EventRounds "7"]
[EventCountry "MKD"]
[SourceTitle "CBM 143 Extra"]
[Source "ChessBase"]
[SourceDate "2011.08.29"]
[SourceVersion "1"]
[SourceVersionDate "2011.08.29"]
[SourceQuality "1"]
[WhiteTeam "Kochani"]
[BlackTeam "Skopje Milenium"]
[WhiteTeamCountry "MKD"]
[BlackTeamCountry "MKD"]

1. c4 g6 2. Nc3 Bg7 3. g3 c5 4. Bg2 Nc6 5. a3 Nf6 6. Rb1 a5 7. d3 0-0 8. Nf3 d6 9. 0-0 h6 10. Ne1 Be6 11. Nd5 Bxd5 12. cxd5 Nb8 13. Nc2 a4 14. b3 axb3 15. Ne3 Nbd7 16. Qxb3 b6 17. Bb2 Qc8 18. a4 Qa6 19. Ra1 Rfb8 20. Rfb1 Ne8 21. Bxg7 Kxg7 22. Qc3+ Kh7 23. g4 b5 24. axb5 Rxb5 25. Rf1 Ra5 26. Rxa5 Qxa5 27. Qb2 Rb8 28. Qc1 Qa2 29. Re1 Rb2 30. Bf1 Nef6 31. Nc4 Rc2 32. Qf4 Kg7 33. Qf3 Ne5 34. Nxe5 dxe5 35. Bg2 c4 36. dxc4 Qxc4 37. h3 Rc3 38. e3 e4 39. Qd1 Rd3 40. Qc1 Qxd5 41. Bf1 Rd2 42. Be2 Qa2 43. Bc4 Qc2 44. Qxc2 Rxc2 45. Bf1 Nd7 46. Bg2 f5 47. gxf5 gxf5 48. f3 exf3 49. Bxf3 Ne5 50. Bh5 Kf6 51. Rf1 Rc4 52. Kg2 Kg5 53. Bd1 Ng6 54. Kg3 Rc3 55. Kf2 Ne5 56. Rg1+ Kf6 57. Bh5 Rc2+ 58. Kg3 Nc4 59. Kf3 Ke5 60. Bf7 Nd2+ 61. Kg3 Rc3 62. Kh4 0-1